000
00319nam a22001457a 4500
003
OSt
005
20160727222410.0
008
160624b xxu||||| |||| 00| 0 eng d
040
_c
TEST
100
_9
971
_a
Durr, W.K
245
_a
Honey Comb
260
_a
BOSTON
_b
HOUGHTON
_c
1976
300
_a
Honey Comb
942
_2
ddc
_c
BK
999
_c
773
_d
773